Toàn cầu hóa văn hóa địa phương và phát triển : Cách tiếp cận nhân học
Bàn về tiến trình toàn cầu hoá văn hoá, đặc biệt là ở một số nước châu Á cũng như đóng góp của ngành nhân học trong việc soi sáng tiến trình này ở các lĩnh vực du lịch, quảng cáo sản phẩm, tiêu thụ thức ăn nhanh, quy hoạch công viên quô...
محفوظ في:
| التنسيق: | كتاب |
|---|---|
| اللغة: | Undetermined |
| منشور في: |
Thành phố Hồ Chí Minh
Nxb. Đại học Quốc gia Thành phố Hồ Chí Minh
2014
|
| الموضوعات: | |
| الوسوم: |
إضافة وسم
لا توجد وسوم, كن أول من يضع وسما على هذه التسجيلة!
|
| Thư viện lưu trữ: | Trung tâm Học liệu Trường Đại học Cần Thơ |
|---|
| LEADER | 01297nam a2200229Ia 4500 | ||
|---|---|---|---|
| 001 | CTU_188455 | ||
| 008 | 210402s9999 xx 000 0 und d | ||
| 020 | |c 80000 | ||
| 082 | |a 306 | ||
| 082 | |b T406 | ||
| 245 | 0 | |a Toàn cầu hóa văn hóa địa phương và phát triển : | |
| 245 | 0 | |b Cách tiếp cận nhân học | |
| 245 | 0 | |c Nhiều tác giả | |
| 260 | |a Thành phố Hồ Chí Minh | ||
| 260 | |b Nxb. Đại học Quốc gia Thành phố Hồ Chí Minh | ||
| 260 | |c 2014 | ||
| 520 | |a Bàn về tiến trình toàn cầu hoá văn hoá, đặc biệt là ở một số nước châu Á cũng như đóng góp của ngành nhân học trong việc soi sáng tiến trình này ở các lĩnh vực du lịch, quảng cáo sản phẩm, tiêu thụ thức ăn nhanh, quy hoạch công viên quốc gia, tri thức bản địa và diễn ngôn toàn cầu về bảo vệ môi trường, sức khoẻ và bệnh tật | ||
| 526 | |a Các vấn đề xã hội đương đại,Nhân học đại cương | ||
| 526 | |b XN118,XN115 | ||
| 650 | |a Culture,Văn hóa | ||
| 910 | |a Hải | ||
| 980 | |a Trung tâm Học liệu Trường Đại học Cần Thơ | ||